00532nam a2200205 a 4500001001300000003000900013005001700022008004100039020002300080082001300103100002700116245002000143260004700163300001000210500003500220505001000255650002300265700001800288700002000306nice12345678IN_TiNIC20260116013133.0050524s1984 newa grp 000 0 eng  a0815696 c8.500a297bHAD aHaddad, Yvonne Yazbeck aIslamic Impact. aNew YorkbSyracuse University Press c1984 a249p. aincludes index and biblioraphy2 aIndex aIslam-20th Century1 aHaines, Byron1 aFindly, Ellison